England in the seventeenth century (Record no. 140754)

MARC details
000 -LEADER
fixed length control field 00408nam a2200169Ia 4500
008 - FIXED-LENGTH DATA ELEMENTS--GENERAL INFORMATION
fixed length control field 230917s9999||||xx |||||||||||||| ||und||
020 ## - ISBN
Price RS8
040 ## - CATALOGING SOURCE
-- 41502
Original cataloging agency VIVEKANANDA LIBRARY
041 ## - Language
-- English
082 ## - DDC NUMBER
Classification number 942 P363P
100 ## - MAIN ENTRY--PERSONAL NAME
Personal name Ashley, Maurice
245 #0 - TITLE STATEMENT
Title England in the seventeenth century
250 ## - EDITION STATEMENT
Edition statement 3rd ed.
260 ## - PUBLICATION, DISTRIBUTION, ETC. (IMPRINT)
Place of publication, distribution, etc Harmondsworth
Name of publisher, distributor, etc Penguin Books
Date of publication, distribution, etc 1973
300 ## - PHYSICAL DESCRIPTION
Pages 266 p.
942 ## - ADDED ENTRY ELEMENTS (KOHA)
Koha item type Books
Holdings
Withdrawn status Lost status Damaged status Not for loan Location (home branch) Sublocation or collection (holding branch) Date acquired Koha issues (times borrowed) Koha full call number Accession No. Koha date last seen Koha item type
        VIVEKANANDA LIBRARY VIVEKANANDA LIBRARY 11/11/2002   942 P363P 24501 17/09/2023 Books
        VIVEKANANDA LIBRARY VIVEKANANDA LIBRARY 11/11/2002   942 P363P 27588 17/09/2023 Books
        VIVEKANANDA LIBRARY VIVEKANANDA LIBRARY 11/11/2002   942 P363P 5175 17/09/2023 Books
© Designed and Maintained by Vivekananda Library, MDU Rohtak